Maintenance hand book for hotels, motels and resorts (Record no. 207576)

MARC details
000 -LEADER
fixed length control field 00470nam a2200157Ia 4500
008 - FIXED-LENGTH DATA ELEMENTS--GENERAL INFORMATION
fixed length control field 231221s9999 xx 000 0 und d
041 ## - LANGUAGE CODE
Language code of text/sound track or separate title English
082 ## - DEWEY DECIMAL CLASSIFICATION NUMBER
Classification number 644 STU R
100 ## - MAIN ENTRY--PERSONAL NAME
Personal name Stutts, Alan T Borsenik, Frank
245 #0 - TITLE STATEMENT
Title Maintenance hand book for hotels, motels and resorts
260 ## - PUBLICATION, DISTRIBUTION, ETC.
Date of publication, distribution, etc. 1990
Name of publisher, distributor, etc. Van Nostrand
Place of publication, distribution, etc. New York
300 ## - PHYSICAL DESCRIPTION
Extent vii+408
650 ## - SUBJECT ADDED ENTRY--TOPICAL TERM
Topical term or geographic name entry element Hotel Management - Maintenance
650 ## - SUBJECT ADDED ENTRY--TOPICAL TERM
Topical term or geographic name entry element Maintenance,hand,hotels,,motels,resorts
942 ## - ADDED ENTRY ELEMENTS (KOHA)
Koha item type Hotel Management Library
Holdings
Date last seen Total checkouts Full call number Accession number Cost, total (INR) price Price effective from Category Lost status Damaged status Department Withdrawn status Home library Current library Shelving location Entry date Vendor Cost, normal purchase price Grants Billnumber Billdate Currency symbol Conversion rate Discount Old discount
26/01/2024   644 STU R HM98 1896.32 26/01/2024 Hotel Management Library     HEM   Central Library Central Library HM   Academic Publ. 2230.96 HM A288 21/06/2010 RS 1 334.64 15

© For any Suggestions or Query, please contact the library staff @ librarian@pes.edu or Phone: +9180 2672 1983/ 2108.